000 00806nam a22003130a 4500
001 PT52448
003 AR-LpoUNG
005 20210131231519.0
008 191001s2008||||ag |||||||||||||||||spa d
020 _a9789872268541
_c$44,66
040 _aAR-LpoUNG
_bspa
_cAR-LpoUNG
_eaacr
041 _aspa
044 _aag
082 0 _aA861 678poe
100 1 _aOlivari, Nicolás
245 1 0 _aPoesías :
_b1920-1930
250 _a2§ ed.
260 _aBuenos Aires :
_bEl 8vo. Loco,
_c2008.
300 _a195 p. :
_bil., gráfs.
650 4 _aARGENTINA
650 4 _aLITERATURA
650 4 _aTEATRO
651 4 _aDOCUMENTOS TEORICOS O METODOLOGICOS
653 _aLITERATURA ARGENTINA
700 1 _aCarbone, Rocco
_eprelim.
700 1 _aOjeda, Ana
_eprelim.
905 _a52448
942 _cLIB
999 _c10450
_d10450